LEADER 00868nam0-22003131i-450- 001 990000477400403321 005 20070514163823.0 010 $a5-03-000220-0 035 $a000047740 035 $aFED01000047740 035 $a(Aleph)000047740FED01 035 $a000047740 100 $a20020821d1988----km-y0itay50------ba 101 1 $aeng$crus 105 $aa-------001yy 200 1 $a<>course of differential geometry and topology$fA. Mishchenko, A. Fomenko 210 $aMosca$cMIR$dc1988 215 $a455 p.$cill.$d22 cm 610 0 $aGeometria differenziale 610 0 $aTopologia 676 $a516.36 700 1$aMishchenko,$bA. 701 1$aFomenko,$bAnatolij Timofeevic$f<1945- > 801 0$aIT$bUNINA$gRICA$2UNIMARC 901 $aBK 912 $a990000477400403321 952 $a10 B II 413$b897 DE$fDINEL 959 $aDINEL 997 $aUNINA LEADER 00897nam0 22002411i 450 001 SUN0038212 005 20050816120000.0 010 $a88-14-11685-7 100 $a20050729d2005 |0itac50 ba 101 $aita 102 $aIT 105 $a|||| ||||| 200 1 $aAtti tra vivi, legge notarile$ecasistica$emanuale e applicazioni pratiche dalle lezioni di Guido Capozzi$fFrancesca Loffredo 210 $aMilano$cGiuffrè$dc2005 215 $aX, 310 p.$d24 cm. 620 $dMilano$3SUNL000284 700 1$aLoffredo$b, Francesca$3SUNV000436$0267978 712 $aGiuffrè$3SUNV001757$4650 801 $aIT$bSOL$c20181231$gRICA 912 $aSUN0038212 950 $aUFFICIO DI BIBLIOTECA DEL DIPARTIMENTO DI GIURISPRUDENZA$d00CONS XV.Eo.7 $e00 30477 20050729 996 $aAtti tra vivi-legge notarile$91059801 997 $aUNICAMPANIA LEADER 01078nam 2200361 450 001 9910806262503321 005 20230803211543.0 010 $a1-939521-40-8 035 $a(CKB)4340000000210553 035 $a(MiAaPQ)EBC5114392 035 $a(EXLCZ)994340000000210553 100 $a20171128h20142014 uy 0 101 0 $aeng 135 $aurcnu|||||||| 181 $2rdacontent 182 $2rdamedia 183 $2rdacarrier 200 10$aBeyond a reasonable doubt $ethe Warren Report and Lee Harvey Oswald's guilt and motive 50 years on /$fMel Ayton with David von Pein 210 1$aRock Hill, South Carolina :$cStrategic Media Inc.,$d2014. 210 4$d©2014 215 $a1 online resource (472 pages) 311 $a1-939521-23-8 320 $aIncludes bibliographical references. 676 $a973.922092 700 $aAyton$b Mel$01661631 702 $aVon Pein$b David 801 0$bMiAaPQ 801 1$bMiAaPQ 801 2$bMiAaPQ 906 $aBOOK 912 $a9910806262503321 996 $aBeyond a reasonable doubt$94043295 997 $aUNINA